Flags Based on Description Alone - Statistics

General Stats
  • This quiz has been taken 25 times
  • The average score is 20 of 46
Answer Stats
Hint Explanation Answer % Correct
A horizontal orange, white, and green triband bearing a spinning wheel ๐Ÿ‡ฎ๐Ÿ‡ณ India
71%
Blue cross on a white field ๐Ÿ‡ซ๐Ÿ‡ฎ Finland
64%
A yellow star on a red field ๐Ÿ‡ป๐Ÿ‡ณ Vietnam
64%
A vertical black, yellow, and red triband, sometimes in square form ๐Ÿ‡ง๐Ÿ‡ช Belgium
57%
A white dragon on a half-yellow, half-orange field ๐Ÿ‡ง๐Ÿ‡น Bhutan
57%
Five yellow stars on a red field ๐Ÿ‡จ๐Ÿ‡ณ China
57%
A vertical blue, white, and red triband ๐Ÿ‡ซ๐Ÿ‡ท France
57%
A horizontal black, red, and yellow triband ๐Ÿ‡ฉ๐Ÿ‡ช Germany
57%
A horizontal red, white, and green triband ๐Ÿ‡ญ๐Ÿ‡บ Hungary
57%
Red and white cross on a blue field ๐Ÿ‡ฎ๐Ÿ‡ธ Iceland
57%
Blue and white cross on a red field ๐Ÿ‡ณ๐Ÿ‡ด Norway
57%
A plain vertical blue, yellow, and red triband ๐Ÿ‡ท๐Ÿ‡ด Romania
57%
A white circle bearing a red moon and star on a red field ๐Ÿ‡น๐Ÿ‡ณ Tunisia
57%
A smiling sun on a horizontal blue and white triband ๐Ÿ‡ฆ๐Ÿ‡ท Argentina
50%
A vertical orange, white, and green triband ๐Ÿ‡จ๐Ÿ‡ฎ Cรดte dโ€™Ivoire
50%
A horizontal red, white, and black triband with a gold eagle in the center ๐Ÿ‡ช๐Ÿ‡ฌ Egypt
50%
A horizontal red, white, and black triband with the takbฤซr written in green ๐Ÿ‡ฎ๐Ÿ‡ถ Iraq
50%
A vertical green, white, and orange triband ๐Ÿ‡ฎ๐Ÿ‡ช Ireland
50%
A plain vertical green, white, and red triband ๐Ÿ‡ฎ๐Ÿ‡น Italy
50%
A horizontal yellow, green, and red triband ๐Ÿ‡ฑ๐Ÿ‡น Lithuania
50%
A horizontal red, white, and light blue triband ๐Ÿ‡ฑ๐Ÿ‡บ Luxembourg
50%
A horizontal white, blue, and red triband ๐Ÿ‡ท๐Ÿ‡บ Russia
50%
A horizontal white, green, and red triband ๐Ÿ‡ง๐Ÿ‡ฌ Bulgaria
43%
White cross on a rectangular red field ๐Ÿ‡ฉ๐Ÿ‡ฐ Denmark
43%
A horizontal yellow, blue, and red triband featuring a condor and a shield with crossed spears ๐Ÿ‡ช๐Ÿ‡จ Ecuador
43%
Red cross on a white field ๐Ÿด๓ ง๓ ข๓ ฅ๓ ฎ๓ ง๓ ฟ England
43%
White cross on a red square field ๐Ÿ‡จ๐Ÿ‡ญ Switzerland
43%
A smiling sun with 9 white and blue stripes ๐Ÿ‡บ๐Ÿ‡พ Uruguay
43%
A plain horizontal yellow, blue, and red triband at a 2:1:1 ratio ๐Ÿ‡จ๐Ÿ‡ด Colombia
36%
A black, red, and green triband bearing a shield with crossed spears ๐Ÿ‡ฐ๐Ÿ‡ช Kenya
36%
A horizontal red, white, and dark blue triband ๐Ÿ‡ณ๐Ÿ‡ฑ Netherlands
36%
A horizontal yellow, blue, and red triband adorned with 8 stars ๐Ÿ‡ป๐Ÿ‡ช Venezuela
36%
A red dragon on a half-white, half-green field ๐Ÿด๓ ง๓ ข๓ ท๓ ฌ๓ ณ๓ ฟ Wales
36%
A plain horizontal red, white, and black triband ๐Ÿ‡พ๐Ÿ‡ช Yemen
36%
A vertical blue, yellow, and red triband bearing a coat of arms ๐Ÿ‡ฆ๐Ÿ‡ฉ Andorra
29%
A bauhinia flower with five stars ๐Ÿ‡ญ๐Ÿ‡ฐ Hong Kong
29%
A vertical green, white, and red triband bearing a golden eagle ๐Ÿ‡ฒ๐Ÿ‡ฝ Mexico
29%
A white moon and star on a red field ๐Ÿ‡น๐Ÿ‡ท Tรผrkiye
29%
A horizontal black, white, and green triband bearing a vertical rectangular red field ๐Ÿ‡ฆ๐Ÿ‡ช UAE
29%
Blue and white stripes with a red chevron bearing a star ๐Ÿ‡จ๐Ÿ‡บ Cuba
21%
A horizontal black, white, and green triband with a plain red chevron ๐Ÿ‡ต๐Ÿ‡ธ Palestine
21%
White cross on a blue field ๐Ÿด๓ ง๓ ข๓ ณ๓ ฃ๓ ด๓ ฟ Scotland
21%
A horizontal red, white, and black triband with a plain green chevron ๐Ÿ‡ธ๐Ÿ‡ฉ Sudan
21%
A horizontal black, white, and green triband with a red chevron bearing a seven-pointed star ๐Ÿ‡ฏ๐Ÿ‡ด Jordan
14%
A lotus flower with five stars ๐Ÿ‡ฒ๐Ÿ‡ด Macau
14%
Red and white stripes with a blue chevron bearing a star ๐Ÿ‡ต๐Ÿ‡ท Puerto Rico
14%
No matching quizzes found
Score Distribution
Percent of People with Each Score
Percentile by Number Answered
Your Score History
You have not taken this quiz